| 000 | 01019nam a22003257a 4500 | ||
|---|---|---|---|
| 003 | CHAP | ||
| 005 | 20220329135955.0 | ||
| 008 | 971013c19841979 r 00010 d | ||
| 010 | _a44962 | ||
| 011 | _a45934 | ||
| 035 | _a50074 | ||
| 040 | _cCHAP | ||
| 090 | _aFolleto 8982y | ||
| 100 | 0 | 0 |
_aUspenski, V. A. _9117088 |
| 245 | 1 | _aAlgunas aplicaciones de la mecánica a las matemáticas | |
| 260 |
_aMoscú : _bMir, _c1984 (c.1979) |
||
| 300 |
_a59 p. _b: ilys. ; gráfs. |
||
| 490 | _aLecciones populares de matemáticas | ||
| 590 |
_aBATCH-UPD _b10 _c20130110 _lUCH01 _h1018 |
||
| 590 |
_aBATCH-UPD _b10 _c20130410 _lUCH01 _h0625 |
||
| 590 |
_aBATCH-UPD _b10 _c20130914 _lUCH01 _h1540 |
||
| 590 |
_aCONVERSION _b10 _c20130109 _lUCH01 _h1325 |
||
| 650 | 1 | 4 |
_aGeometría. _947652 |
| 650 | 1 | 4 |
_aMatemáticas. _972901 |
| 650 | 1 | 4 |
_aMecánica. _973810 |
| 830 | 0 |
_aLecciones populares de matemáticas _965355 |
|
| 901 | _aBK | ||
| 942 | _cFOLL | ||
| 949 |
_aFolleto 8982y _bBC _cFOLL _d-112693 _eTS1 _gI.c/e _i50074 _si _t175.00 |
||
| 999 |
_c44962 _d44962 |
||